Statistics for Countries with Highest Unemployment Rates

Click here to take the quiz!

General Stats

  • This quiz has been taken 298 times
  • The average score is 13 of 38

Answer Stats

Percent UnemployedCountry% Correct
21.0%Greece
61%
23.6%Spain
59%
23.9%Nigeria
58%
23.9%South Africa
51%
35.0%Afghanistan
50%
95%Zimbabwe
48%
40.0%Kenya
45%
30.0%Mali
44%
60.0%Mozambique
42%
48.0%Senegal
42%
22.7%Lesotho
41%
51.2%Namibia
40%
90.0%Nauru
38%
35.0%Yemen
37%
30.0%Mauritania
35%
21.0%Gabon
34%
40.6Swaziland
33%
38.2%Kiribati
32%
78.21%Vanuatu
32%
23.8%American Samoa
31%
22.0%Federated States of Micronesia
30%
59.0%Djibouti
28%
23.7%Serbia
27%
30.9%Marshall Islands
26%
60.0%Tajikistan
26%
27.8%Honduras
25%
40.0%Kosovo
25%
46.0%Nepal
25%
70.0%Turkmenistan
24%
23.0%Dominica
23%
30.0%Equatorial Guinea
23%
30.9%Macedonia
23%
27.6%Bosnia and Herzegovina
21%
20.0%Comoros
21%
20.0%East Timor
19%
23.2%Belize
16%
37.8%Gaza Strip
16%
24.5%Grenada
16%

Score Distribution

Percentile by Number Answered

Percent of People with Each Score

Your Score History

You have not taken this quiz